[Event "Mem Spyros Bikos 1st"]
[Site "Ilioupolis"]
[Date "2014.09.14"]
[Round "2"]
[White "Skalkotas, Nikolaos"]
[Black "Karaoglanis, Christos"]
[Result "1-0"]
[WhiteElo "2151"]
[BlackElo "1315"]
[PlyCount "65"]
[EventDate "2014.09.13"]
[EventType "swiss"]
[EventRounds "6"]
[EventCountry "GRE"]
[SourceTitle "EXT 2024"]
[Source "ChessBase"]
[SourceDate "2023.10.10"]
[SourceVersion "1"]
[SourceVersionDate "2023.10.10"]
[SourceQuality "1"]

1. c4 g6 2. e4 Nc6 3. d4 d6 4. d5 Ne5 5. f4 Nd7 6. Qd4 f6 7. Nc3 c5 8. Qd1 a6 9. a4 Qa5 10. Bd2 Qc7 11. Bd3 Bg7 12. Nf3 Nb8 13. f5 Bh6 14. fxg6 hxg6 15. e5 fxe5 16. Bxg6+ Kd8 17. Ng5 Bxg5 18. Bxg5 Nf6 19. 0-0 Bg4 20. Bxf6 Bxd1 21. Bxh8 Nd7 22. Raxd1 Qb6 23. Rd2 Kc7 24. Bg7 Rg8 25. Rf7 Kd8 26. h4 Qb4 27. h5 Nf6 28. h6 Qxc4 29. Rxf6 Kd7 30. h7 Rh8 31. Bxh8 Qh4 32. Rdf2 Qh6 33. Bf5+ 1-0